Normal view
MARC view
- ARTHUR DAVISON CHILDREN'S HOSPITAL - NDOLA
Entry Topical Term
001 - CONTROL NUMBER
- control field: 2230
003 - CONTROL NUMBER IDENTIFIER
- control field: CBULib
005 - DATE AND TIME OF LATEST TRANSACTION
- control field: 20240129085122.0
008 - FIXED-LENGTH DATA ELEMENTS
- fixed length control field: 240129|| aca||babn | a|a d
040 ## - CATALOGING SOURCE
- Original cataloging agency: CBULib
150 ## - HEADING--TOPICAL TERM
- Topical term or geographic name entry element: ARTHUR DAVISON CHILDREN'S HOSPITAL - NDOLA